Public procurement for innovation (Record no. 117089)

MARC details
000 -LEADER
fixed length control field 00879nam a2200277Ia 4500
003 - CONTROL NUMBER IDENTIFIER
control field OSt
005 - DATE AND TIME OF LATEST TRANSACTION
control field 20220918111908.0
008 - FIXED-LENGTH DATA ELEMENTS--GENERAL INFORMATION
fixed length control field 220915b |||||||| |||| 00| 0 eng d
020 ## - INTERNATIONAL STANDARD BOOK NUMBER
International Standard Book Number 9781783471881 (hbk)
037 ## - SOURCE OF ACQUISITION
Terms of availability Textbook
040 ## - CATALOGING SOURCE
Language of cataloging eng
Original cataloging agency ARTS
Transcribing agency ARTS
041 ## - LANGUAGE CODE
Language code of text/sound track or separate title eng
100 ## - MAIN ENTRY--PERSONAL NAME
Personal name Edquist Charles [et...al] Ed.
9 (RLIN) 11038
245 #0 - TITLE STATEMENT
Title Public procurement for innovation
260 ## - PUBLICATION, DISTRIBUTION, ETC.
Place of publication, distribution, etc. Cheltnham
Name of publisher, distributor, etc. Edward Elgar UK
300 ## - PHYSICAL DESCRIPTION
Extent xvi,324p.
Dimensions cm.
490 ## - SERIES STATEMENT
Series statement Eu-spri forum on science, technology and innovation policy
650 ## - SUBJECT ADDED ENTRY--TOPICAL TERM
Topical term or geographic name entry element PUBLIC ADMINISTRATION
9 (RLIN) 11039
942 ## - ADDED ENTRY ELEMENTS (KOHA)
Classification part W,8, Q5
Koha item type Textbook
Source of classification or shelving scheme Colon Classification (CC)

No items available.

Copyright @ Delhi University Library System